000 00391nam a2200157Ia 4500
008 100122s9999 xx 000 0 und d
082 _b36402
_a614
100 _aNARAYANI
245 _aHANDBOOK ON HEALING 2
260 _bSIVANANDA HEALING CENTRE
_c1905
300 _a589
630 _aHANDBOOK ON HEALING 2
700 _aANANDA P L
730 _aHANDBOOK ON HEALING 2
942 _cBOOK
999 _c371432
_d371429